Condicions de vida i hàbits de la població jove de la província de Barcelona : enquesta de condicions de vida i hàbits de la població de Catalunya 2006 / [realitzat per un equip d'investigadors de l'Institut d'Estudis Regionals i Metropolitans de Barcelona: Sergio Porcel, coordinador ; Jordi Gumà, estadístic ; Jaume Clapés, col·laboració tècnica] enquesta de condicions de vida i hàbits de la població de Catalunya 2006 / [realitzat per un equip d'investigadors de l'Institut d'Estudis Regionals i Metropolitans de Barcelona:

ISBN: 978-84-9803-164-5
Descripció física: 209 p. : taules ; 30 cm

MARC

LEADER 00000nam a2200000Ia 4500
001 22183
008 160829s2009 xx 000 0 cat d
020 |a 978-84-9803-164-5 
080 |a M-6-290 
245 |a Condicions de vida i hàbits de la població jove de la província de Barcelona :  |b  enquesta de condicions de vida i hàbits de la població de Catalunya 2006 / [realitzat per un equip d'investigadors de l'Institut d'Estudis Regionals i Metropolitans de Barcelona:  |b  Sergio Porcel, coordinador ; Jordi Gumà, estadístic ; Jaume Clapés, col·laboració tècnica] 
260 |a Barcelona :  |b Diputació de Barcelona. Àrea d'Igualtat i Ciutadania :  |b Àrea de Presidència. Direcció d'Estudis i Prospectiva. Observatori Territorial,  |c 2009 
300 |a 209 p. :  |b  taules ;  |c 30 cm 
490 |a Documents de treball. Igualtat i ciutadania ; 11 
590 |a Bibliografia 
650 0 |a Joves  |z Barcelona (Província)  |x Condicions socials  |9 28192 
700 |a Porcel, Sergio   |9 65232 
700 |a Gumà, Jordi   |9 39563 
700 |a Clapés, Jaume   |9 39553 
700 |a Institut d'Estudis Regionals i Metropolitans de Barcelona  |9 17648 
710 |a Barcelona (Catalunya : Província).  |b Àrea d'Igualtat i Ciutadania  |9 7840 
710 1 |a Barcelona (Catalunya : Província).  |b Direcció d'Estudis i Prospectiva  |9 54963 
901 |a Arxiu 
942 |n 1 
952 |0 0  |1 0  |4 0  |6 M6290  |7 1  |9 51269  |a Arxiu  |b Arxiu  |d 2016-12-01  |l 0  |o M-6-290  |p 22183  |r 2016-12-01 00:00:00  |w 2016-12-01  |y ARXIU 
999 |c 55113  |d 55113